000 01458nam a2200205Ia 4500
999 _c9972
_d9972
005 20231029095226.0
008 231028s9999 xx 000 0 und d
020 _a84-481-1834-0
040 _aUPAN
_cBiblioteca San Vicente
_eRCAA22
041 _aspa
082 _a616.89
_bB455m
_c2004
100 _aBelloch, Amparo
_4aut.
245 0 _aManual de Psicopatología/
_cAmparo Belloch, Bonifacio Sandín, Francisco Ramos
260 _aEspaña:
_bMcGraw Hill,
_c2004
300 _a613 p.;
_c25 cm.
505 _aParte I: Marco general 1. Historia de la psicopatología 2. Conceptos y modelos en psicopatología 3. Métodos de investigación en psicopatología 4. Clasificacion y diagnostico en psicopatologia Parte II: Psicopatología y procesos psicológicos 5. Psicopatología en la atención. 6. Psicopatología de la percepción y la imaginación 7. Psicopatología de la memoria 8. Psicopatología del pensamiento (I): los trastornos formales del pensamiento 9. Psicopatología del pensamiento (II): Los delirios 10. Psicopatologia del lenguaje Parte III: Trastornos asociados a necesidades biológicas y adicciones. 11. Los trastornos del sueño 12. Trastornos sexuales. 13. Alcoholismo 14. Drogodependencias 15. Trastornos alimentarios 16. Trastornos de control de impulsos: el juego patológico 17. Trastornos psicomotrices.
650 _2LEMB
_aPsicopatología
_vManual
700 _aSandin, Bonifacio
_4aut.
942 _cBK
_2ddc